[Event "GER-chT U14 Girls"]
[Site "Neumuenster"]
[Date "2019.12.29"]
[Round "5.7"]
[White "Kiessling, Luisa"]
[Black "Semenchenko, Simona"]
[Result "0-1"]
[WhiteElo "865"]
[BlackElo "919"]
[PlyCount "66"]
[EventDate "2019.12.27"]
[EventType "team-swiss"]
[EventRounds "7"]
[EventCountry "GER"]
[SourceTitle "CBM 194 Extra"]
[Source "ChessBase"]
[SourceDate "2020.03.31"]
[SourceVersion "1"]
[SourceVersionDate "2020.03.31"]
[SourceQuality "1"]
[WhiteTeam "Leipzig Lindenau"]
[BlackTeam "Muenchen Tarrasch"]
[WhiteTeamCountry "GER"]
[BlackTeamCountry "GER"]

1. e4 e6 2. Nc3 d5 3. exd5 exd5 4. Nf3 Nf6 5. Bb5+ Bd7 6. Bd3 Bd6 7. 0-0 0-0 8. h3 Re8 9. Ng5 h6 10. Nf3 Nc6 11. Be2 Be6 12. d4 Ne4 13. Qe1 Qf6 14. Nb5 Qg6 15. Nh4 Qf6 16. Nf3 a6 17. Nc3 Nxd4 18. Qd1 Nxf3+ 19. Bxf3 Qe5 20. Re1 d4 21. Nxe4 Kh8 22. Nxd6 Qxd6 23. Qe2 Qc5 24. Qe4 Bf5 25. Qxb7 Rxe1+ 26. Kh2 Qd6+ 27. g3 Rae8 28. Qxa6 Qxa6 29. g4 Qf1 30. Kg3 g5 31. Bg2 R8e4 32. f3 R1e2 33. fxe4 Qxg2# 0-1